01254cam a22002894a 45000010009000000050017000090080041000260100017000670200028000840200035001120400018001470410013001650420008001780500016001860820016002021000017002182450057002352600050002923000033003425040050003755050412004256500030008376500048008677000016009157000015009317000018009461302465920210414113932.0021209s2003 njua b 000 0 eng  a 2002044940 a9812380493 (alk. paper) a9812380507 (pbk. : alk. paper) aDLCcDLCdDLC1 aenghchi apcc00aQA20.C65M3500a510/.78221 aLi, Shangzhi00aMathematics experiments. /cShangzhi Li ... [et al]. aRiver Edge, N.J. :bWorld Scientific,cc2003. aix, 217 p. :bill. ;c23 cm. aIncludes bibliographical references (p. 217). aContents: Fundamentals of calculus -- How to calculate -- Best approximations by fractions -- Sequences and series -- Prime numbers -- The Probability -- Geometric transformations -- Celestial movement -- Iteration I: Finding solutions to equations -- Optimization -- Brachistochrone -- Itearation II: Fractal -- Iteration III: Chaos -- Cryptography -- Mechanical proving of elementary geometrical theorems. 0aMathematicsxExperiments. 0aMathematicsxComputer-assisted instruction.1 aChen, Falai1 aWu, Yaohua1 aZhang, Yunhua